<?xml version="1.0" encoding="UTF-8"?><marc:collection xmlns:marc="http://www.loc.gov/MARC21/slim">
  <marc:record>
    <marc:leader>00000nam##2200000za#4500</marc:leader>
    <marc:controlfield tag="001">9.625467</marc:controlfield>
    <marc:controlfield tag="003">CaOODSP</marc:controlfield>
    <marc:controlfield tag="005">20200401042222</marc:controlfield>
    <marc:controlfield tag="007">ta</marc:controlfield>
    <marc:controlfield tag="008">150406|2000||||xxc|||||     f|0| 0 fre|d</marc:controlfield>
    <marc:datafield tag="020" ind1=" " ind2=" ">
      <marc:subfield code="a">0-662-85193-5</marc:subfield>
    </marc:datafield>
    <marc:datafield tag="040" ind1=" " ind2=" ">
      <marc:subfield code="a">CaOODSP</marc:subfield>
      <marc:subfield code="b">fre</marc:subfield>
    </marc:datafield>
    <marc:datafield tag="043" ind1=" " ind2=" ">
      <marc:subfield code="a">n-cn---</marc:subfield>
    </marc:datafield>
    <marc:datafield tag="086" ind1="1" ind2=" ">
      <marc:subfield code="a">MP32-30/00-5F</marc:subfield>
    </marc:datafield>
    <marc:datafield tag="110" ind1="1" ind2=" ">
      <marc:subfield code="a">Canada.</marc:subfield>
      <marc:subfield code="b">Développement des ressources humaines Canada. </marc:subfield>
      <marc:subfield code="b">Direction générale de la recherche appliquée.</marc:subfield>
    </marc:datafield>
    <marc:datafield tag="245" ind1="1" ind2="0">
      <marc:subfield code="a">Enquête auprès des jeunes en transition : </marc:subfield>
      <marc:subfield code="b">aperçu du projet </marc:subfield>
    </marc:datafield>
    <marc:datafield tag="260" ind1=" " ind2=" ">
      <marc:subfield code="a">Ottawa - Ontario : </marc:subfield>
      <marc:subfield code="b">Développement des ressources humaines Canada. </marc:subfield>
      <marc:subfield code="c">2000.</marc:subfield>
    </marc:datafield>
    <marc:datafield tag="300" ind1=" " ind2=" ">
      <marc:subfield code="a">v, 74p. : </marc:subfield>
      <marc:subfield code="b">références, tableaux ; </marc:subfield>
      <marc:subfield code="c">28 cm.</marc:subfield>
    </marc:datafield>
    <marc:datafield tag="490" ind1="1" ind2=" ">
      <marc:subfield code="a">Politique stratégique, document technique</marc:subfield>
      <marc:subfield code="v">T-00-5F</marc:subfield>
    </marc:datafield>
    <marc:datafield tag="500" ind1=" " ind2=" ">
      <marc:subfield code="a">«Ce document présente en premier lieu les questions stratégiques à l'origine du projet. Il décrit les consultations organisées avec les intervenants qui s'intéressent au développement des jeunes et aux transitions école-travail et il résume les recommandations découlant des consultations. Il présente un bref aperçu des objectifs de l'enquête et de sa conception. Il fournit des renseignements au sujet de l'intégration de la cohorte de 15 ans au Programme international pour le suivi des acquis des élèves. Le contenu de l'enquête est décrit et placé en contexte par l'examen de la littérature. Il y a des exemples de sujets de recherche possibles que les données de l'enquête pourraient servir à explorer. Il y a également un aperçu de la méthodologie et de la mise en oeuvre de l'enquête, ainsi que des renseignements sur la disponibilité des données.»--page 2.</marc:subfield>
    </marc:datafield>
    <marc:datafield tag="500" ind1=" " ind2=" ">
      <marc:subfield code="a">«En collaboration avec Statistique Canada, Conseil des ministres de l'Éducation (Canada), Ministères provinciaux du Travail et de l'Éducation».</marc:subfield>
    </marc:datafield>
    <marc:datafield tag="520" ind1="3" ind2=" ">
      <marc:subfield code="a">Ce document présente en premier lieu les questions stratégiques à l'origine du projet. Il décrit les consultations organisées avec les intervenants qui s'intéressent au développement des jeunes et aux transitions école-travail et il résume les recommandations découlant des consultations. Il présente un bref aperçu des objectifs de l'enquête et de sa conception. Il fournit des renseignements au sujet de l'intégration de la cohorte de 15 ans au Programme international pour le suivi des acquis des élèves. Le contenu de l'enquête est décrit et placé en contexte par l'examen de la littérature. Il y a des exemples de sujets de recherche possibles que les données de l'enquête pourraient servir à explorer. Il y a également un aperçu de la méthodologie et de la mise en oeuvre de l'enquête, ainsi que des renseignements sur la disponibilité des données.--page 2</marc:subfield>
    </marc:datafield>
    <marc:datafield tag="563" ind1=" " ind2=" ">
      <marc:subfield code="a">Couverture souple</marc:subfield>
    </marc:datafield>
    <marc:datafield tag="590" ind1=" " ind2=" ">
      <marc:subfield code="a">00-51</marc:subfield>
      <marc:subfield code="b">2000-12-29</marc:subfield>
    </marc:datafield>
    <marc:datafield tag="691" ind1="0" ind2="7">
      <marc:subfield code="a">Éducation</marc:subfield>
      <marc:subfield code="2">gcpds</marc:subfield>
    </marc:datafield>
    <marc:datafield tag="691" ind1="0" ind2="7">
      <marc:subfield code="a">Formation</marc:subfield>
      <marc:subfield code="2">gcpds</marc:subfield>
    </marc:datafield>
    <marc:datafield tag="691" ind1="0" ind2="7">
      <marc:subfield code="a">Travail</marc:subfield>
      <marc:subfield code="2">gcpds</marc:subfield>
    </marc:datafield>
    <marc:datafield tag="691" ind1="0" ind2="7">
      <marc:subfield code="a">Jeune adulte</marc:subfield>
      <marc:subfield code="2">gcpds</marc:subfield>
    </marc:datafield>
    <marc:datafield tag="691" ind1="0" ind2="7">
      <marc:subfield code="a">Politique</marc:subfield>
      <marc:subfield code="2">gcpds</marc:subfield>
    </marc:datafield>
    <marc:datafield tag="775" ind1="0" ind2="8">
      <marc:subfield code="t">Youth in transition survey : </marc:subfield>
      <marc:subfield code="w">(CaOODSP)9.615370</marc:subfield>
    </marc:datafield>
    <marc:datafield tag="776" ind1="0" ind2="#">
      <marc:subfield code="t">Enquête auprès des jeunes en transition : </marc:subfield>
      <marc:subfield code="w">(CaOODSP)9.604221</marc:subfield>
    </marc:datafield>
    <marc:datafield tag="830" ind1="#" ind2="0">
      <marc:subfield code="a">Politique stratégique, document technique ;</marc:subfield>
      <marc:subfield code="v">T-00-5F</marc:subfield>
      <marc:subfield code="w">(CaOODSP)9.513151</marc:subfield>
    </marc:datafield>
  </marc:record>
</marc:collection>
